000 00582nam a22001817a 4500
999 _c190128
_d190128
005 20220718172502.0
010 _aENG-133664
020 _c795.00
_a9788186772867
035 _aEN-117196
037 _bDBAD/PUB
082 _a920
245 _aB.R. Ambedkar:
_bAn Enlightened Iconoclast/
_cEd. By Priyadarshi Bahinipati
260 _aNew Delhi
_bNew Academic Publishers
_c2015
270 _a4760-61, 23, Ansari road, Daryaganj
_bNew Delhi
_e110002
300 _a157 p.
_c21 cm(pbk)
_bReferences
700 _aBahinipati, Priyadarshi
942 _2ddc
_cEN
_h920
_mBRA